Global studies. (Record no. 771)
[ view plain ]
| 000 -LEADER | |
|---|---|
| fixed length control field | 00638nam a22002297a 4500 |
| 005 - DATE AND TIME OF LATEST TRANSACTION | |
| control field | 20150515062026.0 |
| 008 - FIXED-LENGTH DATA ELEMENTS--GENERAL INFORMATION | |
| fixed length control field | 060330s2006 iauac b 001 0 eng d |
| 020 ## - INTERNATIONAL STANDARD BOOK NUMBER | |
| International Standard Book Number | 9780073527727 |
| 041 0# - LANGUAGE CODE | |
| Language code of text/sound track or separate title | eng |
| 080 ## - UNIVERSAL DECIMAL CLASSIFICATION NUMBER | |
| Universal Decimal Classification number | 297 |
| 100 1# - Rafti | |
| Rafti | Husain, Mir Zohair. |
| 245 10 - TITLE STATEMENT | |
| Title | Global studies. |
| Name of part/section of a work | Islam and the Muslim world / |
| Statement of responsibility, etc | Mir Zohair Husain. |
| 250 ## - | |
| -- | 1st ed. |
| 260 ## - | |
| -- | Dubuque, IA : |
| -- | McGraw-Hill, |
| -- | 2006. |
| 300 ## - | |
| -- | 343 f. : |
| -- | me il.; |
| -- | 28 cm. |
| 505 ## - | |
| -- | Index: f. 2340 - 343 |
| 650 #0 - | |
| -- | Islamizmi |
| 650 #0 - | |
| -- | Feja |
| 651 #0 - | |
| -- | Islamic countries |
| 830 #0 - | |
| -- | McGraw-Hill contemporary learning series. |
| 942 ## - ADDED ENTRY ELEMENTS (KOHA) | |
| Source of classification or shelving scheme | |
| Item type | Books |
| Withdrawn status | Lost status | Source of classification or shelving scheme | Damaged status | Not for loan | Collection code | Permanent location | Current location | Shelving location | Date acquired | Total Checkouts | Full call number | Date last seen | Price effective from | Koha item type | Barcode |
|---|---|---|---|---|---|---|---|---|---|---|---|---|---|---|---|
| Koleksioni i përgjithshem | UBT - Lipjan | UBT - Lipjan | Koleksioni i përgjithshem | 05/15/2015 | 297 HUS | 05/15/2015 | 05/15/2015 | Books | |||||||
| Koleksioni i përgjithshem | UBT - Lipjan | UBT - Lipjan | Koleksioni i përgjithshem | 11/24/2017 | 91 MIR | 11/24/2017 | 11/24/2017 | Books | 002-2938209 | ||||||
| Koleksioni i përgjithshem | UBT - Lipjan | UBT - Lipjan | Koleksioni i përgjithshem | 11/24/2017 | 91 MIR | 11/24/2017 | 11/24/2017 | Books | 002-2938270 | ||||||
| Koleksioni i përgjithshem | UBT - Lipjan | UBT - Lipjan | Koleksioni i përgjithshem | 03/06/2018 | 2 mir | 03/06/2018 | 03/06/2018 | Books | 002-3000719 | ||||||
| Koleksioni i përgjithshem | UBT - Lipjan | UBT - Lipjan | Koleksioni i përgjithshem | 03/06/2018 | 2 mir | 03/06/2018 | 03/06/2018 | Books | 002-3000724 | ||||||
| Koleksioni i përgjithshem | UBT - Lipjan | UBT - Lipjan | Koleksioni i përgjithshem | 03/06/2018 | 2 mir | 03/06/2018 | 03/06/2018 | Books | 002-3000729 | ||||||
| Koleksioni i përgjithshem | UBT - Lipjan | UBT - Lipjan | Koleksioni i përgjithshem | 11/07/2018 | 821 ZOH | 11/07/2018 | 11/07/2018 | Books | 002-3018564 |